Marvel Rivals: Magneto Skins by Picture - Statistics

General Stats
  • This quiz has been taken 15 times
  • The average score is 4 of 7
Answer Stats
Picture Answer % Correct
The Trial of Magneto
78%
Will of Galacta
78%
King Magnus
67%
Master of Magnetism
56%
Temporal Tyrant
44%
Binary Sword
33%
Uncanny Blacksteel
33%
No matching quizzes found
Score Distribution
Percent of People with Each Score
Percentile by Number Answered
Your Score History
You have not taken this quiz